De un discurso de Fidel /

Đã lưu trong:
Chi tiết về thư mục
Tác giả chính: Aray, Edmundo
Định dạng: Không biết
Ngôn ngữ:Spanish
Những chủ đề:
Các nhãn: Thêm thẻ
Không có thẻ, Là người đầu tiên thẻ bản ghi này!

MARC

LEADER 000000000a22000000004500
001 002313
041 0 |a spa 
100 1 |a Aray, Edmundo 
245 1 0 |a De un discurso de Fidel /   |c Edmundo Aray. 
310 |a bimestral 
650 4 |a REVOLUCION CUBANA 
773 0 |x 008-7157  |d Cuba : Editorial Casa de las Américas  |t Casa de las Américas  |g número 51-52 (1968-1969), páginas 55-56 
942 |c ARC 
999 |c 9833  |d 9833